000 00260nam a2200097Ia 4500
005 20251222113742.0
008 251222s1900||||xx |||||||||||||| ||spa||
082 _aDVD0070/F75/2004
245 0 _aDescubriendo el país de nunca jamás :Finding Neverland
942 _cDVD
999 _c648
_d648